000 00407nam a2200181Ia 4500
001 10531
005 20260306161839.0
008 260306t1985||||xx |||||||||||||| ||spa||
041 _aESP
082 _a940.14
_bP26
100 _aParain, Charles
_eAUT
245 0 _aEl feudalismo
260 _c1985
300 _a285 páginas :
_c20 cm.
650 _aGEN
654 _aCHU
942 _cLIB
_dJUS
_fJUS
_2ddc
_n
999 _c10531
_d10531